000 00434nam a2200145Ia 4500
008 220214s9999 xx 000 0 und d
100 _aGumbrell S M
245 0 _aDepartures of the elastic behaviour of rubbers in simple extension from the kinetic theory
260 _bTransactions of the Faraday Society
_c1953
300 _a1495-1505
650 _aElastic behaviour
700 _aMullins L
700 _aRivlin R S
942 _cRE
999 _c45529
_d45529